Statistics for invisible string - Taylor Swift (All Lyrics)

Click here to take the quiz!

General Stats

  • This quiz has been taken 1,980 times
  • The average score is 251 of 316

Answer Stats

Answer% Correct
A
99%
a
99%
I
99%
the
99%
Me
98%
me
98%
to
98%
was
98%
you
98%
You
98%
in
97%
so
97%
there
97%
invisible
96%
of
96%
some
96%
string
96%
then
95%
think
94%
all
93%
All
93%
color
93%
my
93%
who
93%
Green
92%
Tying
92%
Where
92%
along
91%
at
91%
Park
91%
used
91%
an
90%
it
90%
your
90%
read
89%
grass
88%
isn't
87%
just
87%
little
87%
money
87%
pretty
87%
When
87%
when
87%
make
86%
meet
86%
shop
86%
work
86%
somebody
85%
time
85%
Time
85%
Were
85%
were
85%
would
85%
yogurt
85%
Centennial
83%
on
83%
On
83%
shirt
83%
And
82%
and
82%
Teal
82%
no
80%
LA
79%
see
79%
didn't
76%
sixteen
76%
that
76%
For
75%
for
75%
like
75%
trip
75%
said
74%
american
73%
first
73%
Gold
73%
gold
73%
singer
73%
clues
72%
curious
72%
looked
72%
She
72%
Baby
68%
by
68%
dinner
68%
Bad
67%
favorite
67%
ate
66%
blood
66%
spot
66%
Tied
66%
mystical
65%
open
65%
song
65%
bar
64%
Cutting
64%
One
64%
our
64%
waitress
64%
cab
63%
down
63%
healing
63%
heart
63%
lakes
63%
Now
63%
single
63%
their
63%
Bold
62%
broke
62%
Gave
62%
gave
62%
pink
62%
presents
62%
thread
62%
but
61%
Out
61%
babies
60%
boys
60%
fine
60%
purple
60%
send
60%
signs
60%
year
60%
around
59%
three
59%
compasses
58%
lunch
58%
dive
57%
axe
56%
Ooh
55%
ooh
55%
pulled
55%
skies
55%
barbed
54%
couldn't
54%
demons
54%
Getting
54%
heaven
54%
mistakes
54%
wire
54%
brought
53%
Hell
53%
blues
52%
Cold
52%
grind
52%
past
52%
showed
52%
wonderous
52%
journey
51%
leaves
51%
wrapped
51%
it's
50%
into
49%
steel
49%
seasons
48%
Chains
47%
Something
47%
with
47%
right
46%
cool
43%
wrong
43%
arms
40%
brave
38%
Wool
36%
Ah
24%

Score Distribution

Percentile by Number Answered

Percent of People with Each Score

Your Score History

You have not taken this quiz